000 01272nac a22003617a 4500
001 BR8000258
003 BR-BrBNA
005 20240105114614.0
008 230509b bl.|||m| |||| 00| 0 por d
040 _aBR-BrBNA
_bpor
_cBiblioteca Nacional de Agricultura
072 _aF10; P10
090 _aF10 BR8000258
100 1 _aNimer, e.
110 1 _aSuperintendencia de Recursos Naturais e Meio Ambiente, Rio de Janeiro, RJ (Brasil)
_910047
245 1 _aPluviometria e recursos hidricos de Pernambuco e Paraiba [Temperatura; Hidrologia; Brasil]
246 1 _a[Pluviometry and hydric resources in the states of Pernambuco and Paraiba [Temperature; Hydrology; Brazil]]
260 3 _aRio de Janeiro, RJ (Brasil):
_c1979.
300 _a128 p.
490 _aRecursos Naturais e Meio Ambiente - Superintendencia de Recursos Naturais e Meio Ambiente (Brazil)
_vno. 3
_x
500 _a6 illus.; 7 tables; 41 ref.; Summary (Pt)
650 _aMeteorologia
650 _aClimatologia
650 _aRecurso hidrico
650 _aTemperatura
650 _aPluviometria
650 _aClima
650 _aSeca
650 _aHidrologia
650 _aPernambuco
650 _aParaiba
909 _a202312
_bLúcia Elande
_c55
_dLúcia Elande
942 _2AGRIS
_n0
_cMS
999 _c270302
_d270302